[Event "6th Hum na Sutli Open"]
[Site "Hum na Sutli CRO"]
[Date "2012.09.09"]
[Round "3.4"]
[White "Blazeka,M"]
[Black "Loncar,R"]
[Result "0-1"]
[WhiteElo "2249"]
[BlackElo "2389"]

1.e4 c5 2.c3 Nf6 3.e5 Nd5 4.d4 cxd4 5.Nf3 e6 6.cxd4 Be7 7.Bc4 d6 8.exd6 Qxd6
9.O-O O-O 10.Nc3 Nxc3 11.bxc3 b6 12.Ne5 Nc6 13.Bf4 Nxe5 14.Bxe5 Qc6 15.Bd3 Bb7
16.Qg4 f6 17.d5 Qxd5 18.Bc4 Qxe5 19.Rae1 Qxc3 20.Rxe6 f5 21.Rh6+ Rf7 22.Bxf7+ Kxf7
23.Qxf5+ Ke8 24.Rxh7 Qf6 25.Rh8+ Kf7 26.Qh3 Rxh8 27.Qxh8 Bc5 28.Qb8 Qc6 29.Qf4+ Kg8
30.Qg3 Qd5 31.Re1 a5 32.h4 Qxa2 33.Re8+ Kf7 34.Rb8 Qb1+ 35.Kh2 Qe4 36.h5 Bd5
37.Rd8 Be7 38.Rd7 Ke8 39.f3 Qf5 40.Rxe7+ Kxe7 41.Qxg7+ Bf7 42.h6 Qf6 43.Qh7 Kf8
44.g4 a4 45.g5 Qf4+  0-1

[Event "40th Olympiad Women"]
[Site "Istanbul TUR"]
[Date "2012.09.09"]
[Round "11.28"]
[White "Toro Pradenas,M"]
[Black "Peng,Jackie"]
[Result "0-1"]
[WhiteElo "2040"]
[BlackElo "2009"]

1.e4 c5 2.c3 Nf6 3.e5 Nd5 4.d4 cxd4 5.Nf3 Nc6 6.Bc4 e6 7.O-O d6 8.cxd4 Be7
9.Qe2 O-O 10.a3 Na5 11.Ba2 Bd7 12.b4 Nc6 13.Bb2 Rc8 14.Nbd2 Nb6 15.Bb3 d5
16.Rfc1 a6 17.Bc3 Na7 18.a4 Qe8 19.Qd1 Rc7 20.b5 axb5 21.Ba5 Rxc1 22.Qxc1 Nxa4
23.Qb1 Nc6 24.Bxa4 bxa4 25.Rxa4 Nxe5 26.Ra2 Nxf3+ 27.Nxf3 b5 28.Ne5 f6 29.Nd3 Bd6
30.Bb4 Bxb4 31.Qxb4 Qc8 32.Nc5 e5 33.f3 Bc6 34.Ra7 e4 35.fxe4 Qg4 36.h3 Qg3
37.Ne6 Qe3+ 38.Kh2 Rf7 39.Rxf7 Kxf7 40.Nd8+ Kg6 41.Nxc6 Qf4+ 42.g3 Qf2+ 43.Kh1 Qf1+
44.Kh2 Qe2+ 45.Kg1 Qd1+ 46.Kf2 Qc2+ 47.Ke3 Qxc6 48.Qc5 Qe6 49.e5 fxe5 50.Qxb5 e4
51.Qc5 h5 52.h4 Qf5 53.Qd6+ Kh7 54.Kd2 Qf2+ 55.Kc1 Qxd4 56.Qe6 Qc3+ 57.Kd1 Qd3+
58.Kc1 e3 59.Qe5 Qe4 60.Qxh5+ Kg8 61.Qe2 d4 62.Qc4+ Kh7 63.Kd1 Qb1+ 64.Ke2 Qb2+
65.Kf3 Qf2+ 66.Kg4 e2 67.Qd3+ Kh8  0-1

[Event "40th Olympiad Open"]
[Site "Istanbul TUR"]
[Date "2012.09.09"]
[Round "11.45"]
[White "Guerra Tulcan,L"]
[Black "Gonzalez,Be CRC"]
[Result "0-1"]
[WhiteElo "2424"]
[BlackElo "2413"]

1.e4 c5 2.c3 Nf6 3.e5 Nd5 4.d4 cxd4 5.cxd4 d6 6.Nf3 Nc6 7.Bc4 Nb6 8.Bb3 dxe5
9.Nxe5 Nxe5 10.dxe5 Qxd1+ 11.Bxd1 e6 12.O-O Bd7 13.Bf3 Nc4 14.Re1 Bb4 15.Nc3 Rb8
16.Re4 Rc8 17.a4 a5 18.Be2 Nxb2 19.Na2 Nxa4 20.Nxb4 Nc3 21.Re3 axb4 22.Bf1 O-O
23.Rg3 Ra8 24.Bb2 Rxa1 25.Bxa1 Rc8 26.Bb2 h5 27.f4 Ba4 28.f5 exf5 29.Bd3 Rd8
30.Bc1 h4 31.Rf3 Bc6 32.Bg5 Rd4 33.Rh3 Rg4 34.Bxh4 Bxg2 35.Rg3 Be4 36.Rxg4 fxg4
37.Bc4 b5 38.Bf1 b3  0-1

[Event "40th Olympiad Open"]
[Site "Istanbul TUR"]
[Date "2012.09.09"]
[Round "11.6"]
[White "Khamrakulov,D"]
[Black "Dao Thien Hai"]
[Result "0-1"]
[WhiteElo "2454"]
[BlackElo "2518"]

1.e4 c5 2.c3 Nf6 3.e5 Nd5 4.Nf3 Nc6 5.d4 cxd4 6.cxd4 d6 7.Bc4 Nb6 8.Bb5 dxe5
9.Nxe5 Bd7 10.Nxd7 Qxd7 11.Nc3 e6 12.O-O a6 13.Bxc6 Qxc6 14.Bg5 f6 15.Be3 Rd8
16.Rc1 Be7 17.Qh5+ g6 18.Qh6 Kf7 19.Rfd1 Nc4 20.b3 Nxe3 21.Qxe3 Ba3 22.Ne4 Bxc1
23.Rxc1 Rxd4 24.g3 Qb6 25.Qf3 e5 26.a4 Re8 27.b4 Kg7 28.a5 Qd8 29.Nc5 Rxb4
30.Rd1 Rd4 31.Qxb7+ Qe7 32.Rb1 Qxb7 33.Rxb7+ Kh6 34.Rb6 f5 35.Rxa6 Rc8 36.Ne6 Rd2
37.Ra7 e4  0-1

[Event "40th Olympiad Women"]
[Site "Istanbul TUR"]
[Date "2012.09.09"]
[Round "11.20"]
[White "Terao,J"]
[Black "Nemcova,Kat"]
[Result "0-1"]
[WhiteElo "2187"]
[BlackElo "2276"]

1.e4 c5 2.c3 Nf6 3.e5 Nd5 4.d4 cxd4 5.Nf3 Nc6 6.cxd4 d6 7.Bc4 dxe5 8.dxe5 Nb6
9.Qxd8+ Nxd8 10.Bb5+ Bd7 11.Nc3 e6 12.O-O a6 13.Be2 Bc6 14.a3 h6 15.Be3 Nd7
16.Bd4 g5 17.Rfe1 Bg7 18.h3 O-O 19.Rad1 Rc8 20.Na2 Ba4 21.Rd2 Nc6 22.Bd1 Bxd1
23.Rdxd1 Rcd8 24.Bc3 Ndxe5 25.Nxe5 Rxd1 26.Rxd1 Nxe5 27.Nb4 Rc8 28.Kh2 a5
29.Nd3 Nxd3 30.Rxd3 Bxc3 31.bxc3 Rc4 32.f3 Ra4 33.Rd7 Rxa3 34.Rxb7 Rxc3 35.Ra7 Ra3
36.Kg3 Ra2 37.h4 Kg7 38.Kh3 Kg6 39.g3 a4 40.h5+ Kf6 41.Ra6 a3 42.Ra5 Ra1
43.Kg2 a2 44.g4 Ke7 45.Ra6 Kd7 46.Ra8 Re1 47.Ra3  0-1

[Event "9th LGA Premium Cup"]
[Site "Nuernberg GER"]
[Date "2012.09.09"]
[Round "6.33"]
[White "Heidrich,Man"]
[Black "Dehlinger,Alexander"]
[Result "1/2-1/2"]
[WhiteElo "2309"]
[BlackElo "2177"]

1.e4 c5 2.c3 Nf6 3.e5 Nd5 4.d4 cxd4 5.cxd4 d6 6.Nf3 Nc6 7.Nc3 dxe5 8.dxe5 Nxc3
9.Qxd8+ Nxd8 10.bxc3 Bd7 11.Nd4 Rc8 12.Bd2 a6 13.Rb1 e6 14.Bd3 Bc5 15.O-O O-O
16.Rfc1 b5 17.a4 bxa4 18.Bxa6 Rc7 19.Kf1 Re8  1/2-1/2

[Event "9th LGA Premium Cup"]
[Site "Nuernberg GER"]
[Date "2012.09.09"]
[Round "7.38"]
[White "Krauss,Jo"]
[Black "Mainka,R"]
[Result "1/2-1/2"]
[WhiteElo "2125"]
[BlackElo "2457"]

1.e4 c5 2.c3 Nf6 3.e5 Nd5 4.Nf3 e6 5.Bc4 d6 6.d4 cxd4 7.cxd4 Nc6 8.O-O Be7
9.Qe2 O-O 10.Qe4 dxe5 11.dxe5 Qc7 12.Nbd2 b6 13.Re1 Bb7 14.Bxd5 exd5 15.Qg4 f6
16.e6 Bd6 17.Nb3 Ne5 18.Qh3 Nxf3+ 19.gxf3 Be5 20.Be3 Rae8 21.Nd4 g6 22.f4 Bxd4
23.Bxd4 Qxf4 24.e7 Rf7 25.Qd7 Kg7 26.Qxe8 Qg4+ 27.Kh1 Qf3+ 28.Kg1 Qg4+ 29.Kh1 Qf3+  1/2-1/2

[Event "11th Kesarovski-Stanchev Mem"]
[Site "Sunny Beach BUL"]
[Date "2012.09.09"]
[Round "9.36"]
[White "Nikolov,J"]
[Black "Vachev,V"]
[Result "1-0"]
[WhiteElo "2067"]
[BlackElo "2190"]

1.e4 c5 2.c3 Nf6 3.e5 Nd5 4.Nf3 e6 5.Bc4 d6 6.d4 cxd4 7.cxd4 Be7 8.O-O O-O
9.Qe2 Nc6 10.Re1 dxe5 11.dxe5 Na5 12.Bd3 Bd7 13.Bd2 Rc8 14.Nc3 Nxc3 15.Bxc3 Nc6
16.Qe4 g6 17.h4 a6 18.h5 Qb6 19.Rad1 Rfd8 20.Qg4 Be8 21.hxg6 hxg6 22.Ng5 Nd4
23.Bxg6  1-0

[Event "3rd Livigno Open A"]
[Site "Livigno ITA"]
[Date "2012.09.10"]
[Round "1.5"]
[White "Codenotti,M"]
[Black "Vovk,A"]
[Result "0-1"]
[WhiteElo "2334"]
[BlackElo "2549"]

1.e4 c5 2.c3 Nf6 3.e5 Nd5 4.Nf3 e6 5.Bc4 b6 6.O-O Be7 7.d4 cxd4 8.Bxd5 exd5
9.Nxd4 d6 10.exd6 Qxd6 11.Nb5 Qc6 12.Qxd5 O-O 13.Qxc6 Nxc6 14.Bf4 Rd8 15.Nd2 a6
16.Nc7 Ra7 17.Nf3 Rd7 18.Nd4 Raxc7 19.Bxc7 Rxc7 20.Rac1 Kf8 21.h3 h5 22.Kh2 Bd6+
23.g3 Nxd4 24.cxd4 Rxc1 25.Rxc1 Bb7 26.Re1 Bd5 27.a3 h4 28.Re3 f5 29.Rc3 Ke7
30.Kg1 hxg3 31.fxg3 Ke6 32.Kf2 Bb7 33.h4 Kd5 34.Rf3 Ke4 35.h5 Bd5 36.b4 Bf7
37.Rc3 Bd5 38.Rf3 b5 39.Ke2 Bf7 40.Rc3 Kxd4  0-1

[Event "3rd Livigno Open A"]
[Site "Livigno ITA"]
[Date "2012.09.16"]
[Round "8.14"]
[White "Valsecchi,A"]
[Black "Antipov,M2"]
[Result "1-0"]
[WhiteElo "2427"]
[BlackElo "2457"]

1.e4 c5 2.c3 Nf6 3.e5 Nd5 4.Nf3 Nc6 5.Bc4 Nb6 6.Bb3 c4 7.Bc2 Qc7 8.Qe2 g5
9.Na3 g4 10.Nb5 Qb8 11.Nh4 Nxe5 12.O-O d6 13.b3 Bd7 14.bxc4 Nbxc4 15.d4 Bxb5
16.dxe5 Qc8 17.Rb1 Qc6 18.e6 fxe6 19.Qxg4 Ne5 20.Qh5+ Kd8 21.Rd1 Kc7 22.f4 Qc5+
23.Kh1 Be8 24.Qe2 Qc4 25.Qe1 Ng4 26.Rd4 Qxa2 27.Rb2 Qa1 28.Nf3 Bc6 29.h3 Nf6
30.Ng5 Rg8 31.Nxe6+ Kb8 32.Rd2 Qa5 33.Nxf8 Qxc3 34.Qe6 Rxf8 35.Qxe7 Nd7 36.Qxd6+ Kc8
37.Rb3 Qc4 38.Kh2 a5 39.Re3 a4 40.Bf5  1-0

[Event "TCh-SRB Prem 2012"]
[Site "Valjevo SRB"]
[Date "2012.09.20"]
[Round "4.5"]
[White "Rogac,S"]
[Black "Zakic,Sr"]
[Result "1-0"]
[WhiteElo "2313"]
[BlackElo "2357"]

1.e4 c5 2.c3 Nf6 3.e5 Nd5 4.g3 d6 5.exd6 e6 6.Bg2 Bxd6 7.Nf3 Nc6 8.O-O O-O
9.d4 cxd4 10.Nxd4 Nxd4 11.Qxd4 Qc7 12.Nd2 Bd7 13.Ne4 Be5 14.Qd3 Rac8 15.Ng5 g6
16.Re1 Rfd8 17.Qe2 Bg7 18.h4 a6 19.h5 Bb5 20.Qe4 h6 21.Nf3 Nf6 22.Qh4 Nxh5
23.Be3 Bc6 24.a4 Bd5 25.Bd4 Bxd4 26.Nxd4 Bxg2 27.Kxg2 Rd5 28.Qe4 Rcd8 29.Nf3 Qc6
30.Ne5 Qc5 31.Re2 Nf6 32.Qf4 Kg7 33.Rae1 g5 34.Qf3 Qe7 35.Nc4 b5 36.Ne3 g4
37.Qf4 Rg5 38.Qxg5+ hxg5 39.Nf5+ Kf8 40.Nxe7 Kxe7 41.axb5 axb5 42.Re5 Rd5
43.Rxd5 Nxd5 44.Re4 f5 45.Rd4 Kd6 46.c4 bxc4 47.Rxc4 e5 48.b4 Nc7 49.Kf1 Nb5
50.Ke2 Nd4+ 51.Kd3 Kd5 52.Rxd4+ exd4 53.b5 f4 54.b6 fxg3 55.fxg3 Kc6 56.Kxd4 Kxb6
57.Ke5 Kc6 58.Kf5 Kd7 59.Kxg4 Ke7 60.Kxg5 Kf7 61.Kh6 Kf6 62.g4 Kf7 63.g5 Kg8
64.Kg6 Kh8 65.Kf7  1-0

[Event "TCh-SUI National A 2012"]
[Site "Switzerland SUI"]
[Date "2012.09.23"]
[Round "7.1"]
[White "Marciano,D"]
[Black "Moor,R"]
[Result "1-0"]
[WhiteElo "2514"]
[BlackElo "2389"]

1.e4 c5 2.c3 Nf6 3.e5 Nd5 4.d4 cxd4 5.Nf3 Nc6 6.Bc4 Nb6 7.Bb3 d5 8.exd6 Qxd6
9.Na3 Be6 10.Nb5 Qd7 11.O-O Rc8 12.Bxe6 Qxe6 13.Bf4 Qd7 14.Nbxd4 Nxd4 15.Nxd4 e6
16.Qe2 Bc5 17.Rad1 O-O 18.Nb3 Nd5 19.Nxc5 Nxf4 20.Nxd7 Nxe2+ 21.Kh1 Rfd8
22.g3 f6 23.Rfe1 Nxg3+ 24.hxg3 Kf7 25.Rd6 e5 26.Red1 Ke7 27.R6d5 b6 28.c4  1-0

[Event "Baku Open 2012"]
[Site "Baku AZE"]
[Date "2012.09.24"]
[Round "3.5"]
[White "Mammadov,Z"]
[Black "Zhigalko,S"]
[Result "1/2-1/2"]
[WhiteElo "2442"]
[BlackElo "2667"]

1.e4 c5 2.c3 Nf6 3.e5 Nd5 4.Nf3 Nc6 5.Bc4 e6 6.d4 cxd4 7.cxd4 d6 8.O-O Be7
9.Qe2 O-O 10.Rd1 Bd7 11.Qe4 Rc8 12.Bd3 f5 13.exf6 Nxf6 14.Qe2 d5 15.Nc3 Bd6
16.Nb5 Bb8 17.Ne5 a6 18.Nxc6 Rxc6 19.Nc3 Be8 20.f3 Nh5 21.g3 Qf6 22.Kg2 g5
23.Be3 Ng7 24.Bg1 Nf5 25.Rac1 h5 26.Bxf5 Qxf5 27.Qd3 Qf6 28.Ne2 Bg6 29.Qe3 g4
30.f4 Bc2 31.Re1 Rfc8 32.Bf2 Bd6 33.Nc3 Bf5 34.a3 Rc4 35.Kg1 b5 36.Na2 Qd8
37.Nb4 Qb6 38.Nd3 Rxc1 39.Nxc1 b4 40.axb4 Bxb4 41.Re2 Qb5 42.Nb3 Rc4 43.Qe5 Bf8
44.Qe3 Rb4 45.Nc1 Rxb2 46.Rxb2 Qxb2 47.Be1 Be4 48.Qd2 Qb6 49.Qc3 Qb5 50.Kf2 Bg7
51.Nb3 Qc4 52.Bd2 Bf3 53.Qxc4 dxc4 54.Nc5 Bxd4+ 55.Be3 Bf6 56.Nxa6 Bd5 57.Ke2 Kf7
58.Nb4 Kg6 59.Bc5 Kf5 60.Ke3 Be4 61.Bd4 Be7 62.Na2 Ba3 63.Bc3 Bc5+ 64.Bd4 Bd6
65.Nc3 Bc6 66.Ne2 Bf3 67.Nc3 Ba3 68.Na2 Bd5 69.Bc3 Bd6 70.Bb4 Bc7 71.Bc5 h4
72.Nc3 h3 73.Ne2 Ba5 74.Nd4+ Kg6 75.Nc2 Bd8 76.Bd4 Kf5 77.Bc5 Bf6 78.Nd4+ Kg6
79.Bd6 Kf7 80.Nc2 Kg6 81.Nd4 Bg7 82.Nc2 Bb2 83.Ba3 Bg7 84.Bd6 Bb2 85.Ba3 c3
86.Kd3 Bb7 87.Bb4 Bc1 88.Kxc3 Bxf4 89.gxf4 g3 90.Bd6 gxh2 91.f5+ Kxf5  1/2-1/2

[Event "21st TCh-CRO w 2012"]
[Site "Sibenik CRO"]
[Date "2012.09.24"]
[Round "2.4"]
[White "Batory,Lucija"]
[Black "Ivekovic,T"]
[Result "0-1"]
[WhiteElo "1586"]
[BlackElo "2020"]

1.e4 c5 2.c3 Nf6 3.e5 Nd5 4.Bc4 Nb6 5.Bb3 c4 6.Bc2 d5 7.Nf3 Bg4 8.O-O e6
9.h3 Bh5 10.d4 Be7 11.Bf4 Bg6 12.Nbd2 O-O 13.Re1 Nc6 14.b3 cxb3 15.axb3 Rc8
16.Nf1 Qc7 17.Ng3 Bxc2 18.Qxc2 Nb4 19.Qe2 Qxc3 20.Rxa7 Nd3 21.Bd2 Qxb3 22.Rea1 Nc4
23.R1a2 Nb4 24.Ra1 Nc6 25.R7a2 Qb6 26.Nh5 Nxd4 27.Nxd4 Qxd4 28.Rb1 Qxe5 29.Qg4 Nxd2
30.Rxd2 Qg5 31.Qe2 Bc5 32.Kf1 g6 33.Ng3 b6 34.Rdb2 Ra8 35.Qc2 Rfc8 36.Qd3 Ra3
37.Qd1 Bxf2 38.Rxf2 Rxg3 39.Rxb6 Rc1  0-1

[Event "21st TCh-CRO 1a 2012"]
[Site "Sibenik CRO"]
[Date "2012.09.25"]
[Round "3.36"]
[White "Susak,Z"]
[Black "Loncar,R"]
[Result "1/2-1/2"]
[WhiteElo "2214"]
[BlackElo "2389"]

1.e4 c5 2.c3 Nf6 3.e5 Nd5 4.d4 cxd4 5.Nf3 e6 6.cxd4 Be7 7.Bc4 d6 8.O-O O-O
9.Re1 Nc6 10.a3 dxe5 11.dxe5 Nb6 12.Bd3 Qc7 13.Nc3  1/2-1/2

[Event "21st TCh-CRO w 2012"]
[Site "Sibenik CRO"]
[Date "2012.09.25"]
[Round "4.32"]
[White "Racki,B"]
[Black "Purgar,I"]
[Result "1/2-1/2"]
[WhiteElo "1902"]
[BlackElo "2153"]

1.e4 c5 2.c3 Nf6 3.e5 Nd5 4.d4 cxd4 5.Nf3 e6 6.cxd4 Nc6 7.Bc4 d6 8.Qe2 Be7
9.O-O O-O 10.Re1 Bd7 11.Qe4 Rc8 12.a3 Na5 13.Ba2 Ba4 14.Qg4 Bc2 15.Bxd5 exd5
16.Nc3 Nb3 17.Nxd5 dxe5 18.Qxc8 Qxd5 19.Qxc2 Nxa1 20.Qb1 Nb3 21.Rxe5 Qd7
22.Be3 Bf6 23.Rh5 g6 24.Rh3 Nxd4 25.Nxd4 Bxd4 26.Bxd4 Qxd4 27.Rd3 Qe5 28.Re3 Qd4
29.Rd3 Qe5 30.Re3 Qd4  1/2-1/2

[Event "Tatry Open 2012"]
[Site "Tatranske Zruby SVK"]
[Date "2012.09.25"]
[Round "3.69"]
[White "Sutak,A"]
[Black "Jablonicky,Martin"]
[Result "1-0"]
[WhiteElo "1966"]
[BlackElo "1827"]

1.e4 c5 2.c3 Nf6 3.e5 Nd5 4.d4 cxd4 5.cxd4 e6 6.Nc3 d6 7.Nf3 Nxc3 8.bxc3 Qc7
9.Bd2 dxe5 10.Nxe5 Nd7 11.Ng4 Bd6 12.Qf3 Rb8 13.Bd3 b6 14.O-O Bb7 15.Qh3 Nf6
16.Rae1 Nxg4 17.Qxg4 Bxh2+ 18.Kh1 g6 19.f4 g5 20.Kxh2 Ke7 21.Kh1 Rbg8 22.f5 h5
23.Bxg5+ f6 24.Rxe6+ Kd7 25.Qe2 Kc8 26.Re7 Qg3 27.Qe6+ Kb8 28.Bf4+ Qxf4 29.Rxf4 Rxg2
30.Rxb7+  1-0

[Event "TCh-VIE 2012"]
[Site "Ho Chi Minh City VIE"]
[Date "2012.09.26"]
[Round "9.22"]
[White "Truong,Anh Kiet"]
[Black "Nguyen,Huynh Trong Hai"]
[Result "0-1"]
[WhiteElo "1766"]
[BlackElo "1866"]

1.e4 c5 2.c3 Nf6 3.e5 Nd5 4.g3 d6 5.exd6 Qxd6 6.Bg2 Nd7 7.Nf3 g6 8.O-O Bg7
9.d4 N7f6 10.Na3 O-O 11.c4 Nb6 12.Bf4 Qd7 13.dxc5 Na4 14.b4 a5 15.b5 Nxc5
16.Ne5 Qf5 17.Nc2 Nh5 18.Ne3 Qe6 19.Bd5 Qb6 20.Bxf7+ Rxf7 21.Nd5 Qe6 22.Nxf7 Qxf7
23.Rc1 Bh3 24.Re1 e6 25.Bd6 exd5 26.Bxc5 dxc4 27.Re7 Qf5 28.Rxc4 Rc8 29.Qd6 Qb1+  0-1

[Event "34th Rashid Nezhmetdinov Cup"]
[Site "Kazan RUS"]
[Date "2012.09.26"]
[Round "1.2"]
[White "Yuzhakov,O"]
[Black "Vorobiov,E"]
[Result "0-1"]
[WhiteElo "2325"]
[BlackElo "2594"]

1.e4 c5 2.c3 Nf6 3.e5 Nd5 4.d4 cxd4 5.Nf3 Nc6 6.cxd4 d6 7.Bc4 Nb6 8.Bb5 Bd7
9.Nc3 dxe5 10.Nxe5 Nxe5 11.dxe5 Bxb5 12.Qxd8+ Rxd8 13.Nxb5 a6 14.Nc3 e6 15.Ke2 Bb4
16.Ne4 O-O 17.Bg5 Rd5 18.f4 h6 19.Bh4 Nc4 20.a3 Rd4 21.Nf2 Bc5 22.b4 Bb6
23.Bg3 Rd2+ 24.Kf3 Rfd8 25.Rhd1 Rxd1 26.Rxd1 Rxd1 27.Nxd1 Nxa3 28.Nb2 Kf8
29.Bh4 Ke8 30.g4 Nc2 31.Nd3 Bd4 32.Ke4 Bc3 33.Nc5 Bxb4 34.Nxb7 Na3 35.Bf2 Nc4
36.Kd3 Na5 37.Nc5 Bxc5 38.Bxc5 g6 39.Kc3 h5 40.h3 Kd7 41.Kb4 Nc6+ 42.Ka4 hxg4
43.hxg4 g5 44.Be3 gxf4 45.Bxf4 Ne7 46.Kb3 Kc6 47.Kc4 Nd5 48.Bd2 Nb6+ 49.Kd4 Kb5
50.Bc1 a5 51.Ke4 Nd5 52.Kd4 a4 53.Ba3 Nb6  0-1

[Event "21st TCh-CRO 1a 2012"]
[Site "Sibenik CRO"]
[Date "2012.09.28"]
[Round "6.25"]
[White "Susak,Z"]
[Black "Armanda,I"]
[Result "1/2-1/2"]
[WhiteElo "2214"]
[BlackElo "2387"]

1.e4 c5 2.c3 Nf6 3.e5 Nd5 4.d4 cxd4 5.Nf3 Nc6 6.cxd4 d6 7.Bc4 Nb6 8.Bb5 dxe5
9.Nxe5 Bd7 10.Bxc6 Bxc6 11.Nxc6 bxc6 12.O-O g6 13.Re1 Bg7 14.Bg5 O-O 15.Bxe7 Qxd4
16.Nc3 Qxd1 17.Raxd1 Rfe8 18.Bc5 Rxe1+ 19.Rxe1 Nc4 20.b3 Nb2 21.Re3 Rd8 22.g3 Nd3
23.Na4 Nxc5 24.Nxc5 Bd4 25.Rd3 Rd5 26.b4 a5 27.a3 Kf8 28.Kf1 axb4 29.axb4 Ke7
30.Nb3 Bb6 31.Rxd5 cxd5 32.Ke2 Kd6 33.f3 Kc6 34.Kd3 Kb5 35.Kc3 Bg1 36.Nd4+ Ka4
37.h3 Bf2 38.Ne2  1/2-1/2

[Event "TCh-Moscow 2012"]
[Site "Moscow RUS"]
[Date "2012.09.30"]
[Round "4.1"]
[White "Gavrilov,Al1"]
[Black "Popov,Iv RUS"]
[Result "0-1"]
[WhiteElo "2518"]
[BlackElo "2614"]

1.e4 c5 2.c3 Nf6 3.e5 Nd5 4.Nf3 Nc6 5.Bc4 Nb6 6.Bb3 c4 7.Bc2 Qc7 8.Qe2 g5
9.h3 Bg7 10.O-O Nxe5 11.Nxg5 Nd5 12.g3 b5 13.Na3 Qc6 14.Be4 Bb7 15.Nc2 Qf6
16.f4 Nd3 17.Qf3 e6 18.Bxd3 cxd3 19.Qxd3 Qg6 20.Qxg6 hxg6 21.h4 a5 22.d3 Ke7
23.Ne3 Nb6 24.Bd2 Na4 25.Nd1 Rhc8 26.Rc1 Nc5 27.Nf2 Na4 28.Nd1 Rc7 29.b3 Nc5
30.Nf2 d6 31.Rfe1 a4 32.b4 Nd7 33.c4 bxc4 34.Rxc4 Rxc4 35.dxc4 Rc8 36.Rc1 Bd4
37.Kf1 Rxc4 38.Ke1 Bd5 39.a3 Bb2 40.Rxc4 Bxc4 41.Nfe4 Bxa3 42.Bc3 Bd3 43.Kd2 Bb1
44.Nxf7 Bxe4 45.Ne5  0-1

[Event "21st TCh-CRO w 2012"]
[Site "Sibenik CRO"]
[Date "2012.09.30"]
[Round "9.1"]
[White "Racki,B"]
[Black "Berke,A"]
[Result "1/2-1/2"]
[WhiteElo "1902"]
[BlackElo "2145"]

1.e4 c5 2.c3 Nf6 3.e5 Nd5 4.d4 cxd4 5.Nf3 Nc6 6.cxd4 e6 7.Bc4 d6 8.Qe2 Be7
9.O-O O-O 10.Nc3 Nxc3 11.bxc3 dxe5 12.dxe5 Qa5 13.Bd2 Bd7 14.Rfe1 Rfd8 15.Bb3 Be8
16.Qe4 Rd7 17.Rad1 Rad8 18.h4 Bf8 19.h5 Ne7 20.Ng5 g6  1/2-1/2

[Event "TCh-Central SRB 2012"]
[Site "Vrnjacka Banja SRB"]
[Date "2012.10.01"]
[Round "4.1"]
[White "Ristic,Nen"]
[Black "Simonovic,A"]
[Result "1-0"]
[WhiteElo "2422"]
[BlackElo "2379"]

1.e4 c5 2.c3 Nf6 3.e5 Nd5 4.d4 cxd4 5.Nf3 d6 6.cxd4 Nc6 7.Bc4 Nb6 8.Bb5 dxe5
9.Nxe5 Bd7 10.Nxd7 Qxd7 11.Nc3 e6 12.O-O a6 13.Bxc6 Qxc6 14.Qg4 Rd8 15.Bg5 h5
16.Qh3 Rxd4 17.Rac1 Be7 18.Ne2 Rc4 19.Be3 Bc5 20.Rxc4 Nxc4 21.Bxc5 Qxc5 22.Qc3 Qd5
23.Rc1 Nd6 24.Qxg7 Rf8 25.Nc3 Qc6 26.Qg5 Rh8 27.h4 Qd7 28.Rd1 Qe7 29.Qe5  1-0

[Event "TATA 50th ch-IND National Premier"]
[Site "Kolkata IND"]
[Date "2012.10.02"]
[Round "2.20"]
[White "Patil,Pr2"]
[Black "Suvrajit,S"]
[Result "1-0"]
[WhiteElo "2197"]
[BlackElo "2362"]

1.e4 c5 2.c3 Nf6 3.e5 Nd5 4.d4 cxd4 5.Nf3 e6 6.cxd4 d6 7.Bc4 Nc6 8.O-O Be7
9.Qe2 O-O 10.Re1 Bd7 11.Nc3 Nxc3 12.bxc3 dxe5 13.dxe5 Qa5 14.Rb1 Rab8 15.Bd2 Rfd8
16.Qe4 Be8 17.Bb3 g6 18.Rbc1 Qc7 19.Bg5 Bxg5 20.Nxg5 h6 21.Nf3 Kg7 22.h4 Na5
23.Qf4 Qe7 24.Nd2 Bc6 25.Bc2 b6 26.Be4 Rbc8 27.Nf3 Bxe4 28.Rxe4 Rd3 29.c4 Rd7
30.Nh2 h5 31.Nf1 Rdc7 32.Ng3 b5 33.Rc3 Rxc4 34.Nxh5+ gxh5 35.Rg3+ Kf8 36.Qh6+ Ke8
37.Rg8+ Kd7 38.Qd2+ Kc7 39.Qxa5+ Kb7 40.Qxb5+ Ka8 41.Rxc4 Rxg8 42.Qc6+ Qb7
43.Qxb7+ Kxb7 44.Kh2 Kb6 45.a4 a6 46.g4 hxg4 47.Kg3 Rg7 48.Rxg4 Rh7 49.Rc4 Rh5
50.Kg4 Rxe5 51.h5 Re1 52.h6 Rh1 53.Kg5 f6+ 54.Kg6 Kb7 55.h7 Rh2 56.Rg4 e5
57.Kg7 f5 58.Rg6  1-0

[Event "TCh-Central SRB 2012"]
[Site "Vrnjacka Banja SRB"]
[Date "2012.10.02"]
[Round "5.6"]
[White "Radovanovic,J"]
[Black "Martinovic,Sl"]
[Result "1/2-1/2"]
[WhiteElo "2341"]
[BlackElo "2447"]

1.e4 c5 2.c3 Nf6 3.e5 Nd5 4.d4 cxd4 5.cxd4 d6 6.Nf3 e6 7.Bc4 Nc6 8.O-O Be7
9.Qe2 O-O 10.Nc3 Nxc3 11.bxc3 dxe5 12.dxe5 Qa5 13.a4 Rd8 14.Bd2 Bd7 15.Rfe1 Be8
16.Qe4 Rd7 17.Bd3 g6 18.Bb5 Rd5 19.Bc4 Rd7 20.Bg5 Bf8 21.h4 Qxc3 22.Rac1 Qb4
23.h5 Ne7 24.Bb5 Qxe4 25.Rxe4 Nc6 26.hxg6 fxg6 27.Bxc6 bxc6 28.Nd4 Ba3 29.Rb1 Bf7
30.Nxc6 Rc8 31.Rd4 Rxd4 32.Nxd4 Bf8 33.Be3 a5 34.Rb6 Be8 35.Nxe6 Bb4 36.Nf4 Bxa4
37.Nd5 Bc6 38.Nxb4 axb4 39.Rxb4 Kf7 40.Bf4 Ke6 41.Kh2 Kf5 42.Rc4 g5 43.Be3 Bd7
44.Rxc8 Bxc8 45.Bd4  1/2-1/2

[Event "TATA 50th ch-IND National Premier"]
[Site "Kolkata IND"]
[Date "2012.10.06"]
[Round "6.21"]
[White "Patil,Pr2"]
[Black "Ram,S"]
[Result "1/2-1/2"]
[WhiteElo "2197"]
[BlackElo "2303"]

1.e4 c5 2.c3 Nf6 3.e5 Nd5 4.d4 cxd4 5.Nf3 e6 6.cxd4 b6 7.Nc3 Nxc3 8.bxc3 Qc7
9.Bd2 Bb7 10.Bd3 d6 11.O-O Nd7 12.Re1 dxe5 13.Nxe5 Nxe5 14.Rxe5 Bd6 15.Rh5 g6
16.Rh3 O-O 17.Qg4 f5 18.Qh4 Rf7 19.f4 Bd5 20.Qf2 Bc4 21.Bxc4 Qxc4 22.Re3 Rc8
23.g3 Re7 24.Qe2 Qd5 25.Qg2 Kf7 26.Qxd5 exd5 27.Rae1 Re4 28.Kf2 Rc4 29.Rb1 Ke6
30.Ke2 Kd7 31.Kd3 Ra4 32.Rb2 Kc6 33.Re1 b5 34.Reb1 a6 35.Rc2 Rc4 36.Be3 Bc7
37.Rb4 Ba5 38.Rb3 Bb6 39.Bf2 Bd8 40.Rb4 Be7 41.Rb1 Kd7 42.Be3 Re6 43.Bd2 Bf6
44.Rcc1 Rec6 45.Re1 Ra4 46.Rb2 Rcc4 47.Reb1 Ra3 48.Ke2 Rca4 49.Ra1 b4 50.Rab1 bxc3
51.Rb7+ Ke8 52.Rxh7 Rxd4  1/2-1/2

[Event "TCh-SWE Elite 2012-13"]
[Site "Malmo SWE"]
[Date "2012.10.06"]
[Round "2"]
[White "Nordebrink,J"]
[Black "Penalver,O"]
[Result "0-1"]
[WhiteElo "2095"]
[BlackElo "2267"]

1.e4 c5 2.c3 Nf6 3.e5 Nd5 4.d4 cxd4 5.Nf3 Nc6 6.Bc4 Nb6 7.Bb3 d5 8.exd6 Qxd6
9.O-O Be6 10.Na3 Bxb3 11.Qxb3 e6 12.Nb5 Qd7 13.Nxa7 Rxa7 14.Qxb6 dxc3 15.bxc3 Bd6
16.Be3 Ra6 17.Qb3 O-O 18.Rfd1 Qe7 19.Rab1 Na5 20.Qb5 Rc8 21.Bd4 h6 22.Ne5 f6
23.Ng6 Qf7 24.Nh4 Qe8 25.Qe2 g5 26.Rxb7 Nxb7 27.Qxa6 Rc7 28.Nf3 e5 29.Re1 Qc6
30.Qxc6 Rxc6 31.Be3 Rxc3 32.Nd2 Rc2 33.Ne4 Be7 34.Ra1 f5 35.Ng3 f4 36.Nf5 fxe3
37.Nxe7+ Kf7 38.Nf5 exf2+ 39.Kf1 Kg6 40.Ne3 Rd2 41.Ng4 Kf5 42.Nxf2 e4 43.a4 Na5
44.Rc1 Nb3 45.Rc8 e3 46.Rf8+ Kg6 47.Ne4 Nd4 48.Nc3 Rc2 49.Ne2 Rxe2 50.Rd8 Rd2
51.Re8 Rd1+  0-1

[Event "TCh-ISL 2012-13"]
[Site "Reykjavik ISL"]
[Date "2012.10.06"]
[Round "2.2"]
[White "Karlsson,B"]
[Black "Bergsson,Sn"]
[Result "1-0"]
[WhiteElo "2254"]
[BlackElo "2311"]

1.e4 c5 2.c3 Nf6 3.e5 Nd5 4.d4 cxd4 5.Nf3 Nc6 6.cxd4 d6 7.Bc4 e6 8.O-O Be7
9.Qe2 O-O 10.Nc3 Nb6 11.Bd3 d5 12.Be3 f5 13.exf6 Bxf6 14.Rad1 a6 15.Ne5 Qe8
16.f4 g6 17.g4 Ne7 18.Qg2 Bg7 19.Rf3 Nd7 20.Rdf1 Nxe5 21.fxe5 Rxf3 22.Rxf3 Nc6
23.Qf2 Qe7 24.h4 Bd7 25.h5 Rf8 26.hxg6 hxg6 27.Rxf8+ Bxf8 28.Bxg6 Qg7 29.Qf6 Be7
30.Qxg7+ Kxg7 31.Bd3 Bd8 32.Kf2 Bb6 33.Ne2 Nb4 34.Bb1 Nc6 35.g5 Bd8 36.g6 Bh4+
37.Kf3 Nd8 38.Nf4  1-0

[Event "TCh-SWE Elite 2012-13"]
[Site "Malmo SWE"]
[Date "2012.10.07"]
[Round "3"]
[White "Nordebrink,J"]
[Black "Eriksson,Simon"]
[Result "1/2-1/2"]
[WhiteElo "2095"]
[BlackElo "2098"]

1.e4 c5 2.c3 Nf6 3.e5 Nd5 4.d4 cxd4 5.Nf3 Nc6 6.Bc4 Nb6 7.Bb3 d5 8.exd6 Qxd6
9.O-O Be6 10.Na3 dxc3 11.Qe2 Bxb3 12.Nb5 Qb8 13.axb3 e5 14.Nbd4 Nxd4 15.Nxd4 f6
16.bxc3 Kf7 17.Nb5 a6 18.Be3 axb5 19.Bxb6 Rxa1 20.Rxa1 Qe8 21.Ra5 b4 22.cxb4 Qe6
23.Rb5 Be7 24.Be3 Qxb3 25.h3 Rd8 26.Kh2 Rd7 27.Qh5+ Kf8 28.Qxh7 Qc4 29.Qh8+ Kf7
30.Qh5+ Kf8 31.Ra5 Rd8 32.Qh8+ Kf7 33.Qh5+ Kf8 34.Qh8+ Kf7  1/2-1/2

[Event "TCh-ROU League A 2012"]
[Site "Olanesti ROU"]
[Date "2012.10.07"]
[Round "2.1"]
[White "Carmaciu,L"]
[Black "Soltanici,R"]
[Result "1/2-1/2"]
[WhiteElo "2409"]
[BlackElo "2433"]

1.e4 c5 2.c3 Nf6 3.e5 Nd5 4.d4 cxd4 5.Nf3 e6 6.cxd4 b6 7.Nc3 Nxc3 8.bxc3 Qc7
9.Bd2 d6 10.Bd3 Bb7 11.O-O Nd7 12.Re1 dxe5 13.dxe5 Be7 14.Nd4 a6 15.Qe2 Nc5
16.Bc2 h5 17.f4 g6 18.Nf3 Kf8 19.Be3 Kg7 20.Bd4 Bd5 21.Qf2 Qc6 22.Ng5 b5
23.Re3 Rac8 24.Rae1 b4 25.Rg3 Bxg5 26.fxg5 Nd7 27.Rf1 Rhf8 28.Bd1 bxc3 29.Rxc3 Qb7
30.Rxc8 Qxc8 31.Ba4 Qb7 32.h4 Bc6 33.Bd1 Bd5 34.a3 Qc6 35.g4 hxg4 36.Bxg4 Be4
37.h5 gxh5 38.Bxh5 Qc2 39.Qxc2 Bxc2 40.Rc1 Ba4 41.Rf1 Bc2 42.Rc1 Ba4 43.Rf1 Bc2  1/2-1/2